Miasta nad Wisłą (20k+ mieszkańców) - Statystyki

Ogólne statystyki
  • Ten quiz został rozwiązany 53 razy
  • Średni wynik to 9 z 12
Statystyki odpowiedzi
Populacja Miasto % Poprawnych
804,000 Kraków
100%
1,860,000 Warszawa
100%
486,000 Gdańsk
98%
198,000 Toruń
96%
112,000 Płock
90%
91,000 Grudziądz
73%
105,000 Włocławek
73%
22,000 Sandomierz
71%
58,000 Tczew
55%
45,000 Puławy
49%
45,000 Tarnobrzeg
47%
29,000 Nowy Dwór Mazowiecki
20%
Nie znaleziono quizów pasujących do podanych kryteriów
Rozkład punktacji
Procent ludzi z każdym wynikiem
Percentyl według liczby udzielonych odpowiedzi
Twoja historia wyników
Nie rozwiązałeś tego quizu